Horror Movies by Emojis (Part 2) - Statistics

General Stats
  • This quiz has been taken 716 times
  • The average score is 10 of 20
Answer Stats
Picture Answer % Correct
Jaws
96%
Halloween
94%
Carrie
76%
Children of the Corn
71%
Alien
70%
The Fly
68%
The Blair Witch Project
63%
Final Destination
62%
Train to Busan
56%
Pet Sematary
55%
Rosemary's Baby
49%
Paranormal Activity
48%
Nosferatu
38%
The Thing
33%
The Mist
32%
The Babadook
30%
The Omen
19%
Christine
16%
Suspiria
15%
Misery
11%
No matching quizzes found
Score Distribution
Percent of People with Each Score
Percentile by Number Answered
Your Score History
You have not taken this quiz